LEADER 00667nam 2200241 450 001 9910646394203321 005 20230221124919.0 100 $a20230221d1995----u y0engy50 ba 101 0 $aita 102 $aIT 105 0 $a 00 200 1 $aScugnizzi derubati$eGiuseppe Basadonna 210 $aNapoli$cEdizioni ANIAI Campania$dstampa 1995 215 $a106 p.$cill.$d24 cm 610 0 $aGiovani$aNapoli 700 1$aBasadonna,$bGiuseppe$039491 801 2$aIT$bUNINA$gREICAT$2UNIMARC 901 $aBK 912 $a9910646394203321 952 $aFONDO ROSSI 3742$bROSSI 3863$fFARBC 959 $aFARBC 996 $aScugnizzi derubati$93010702 997 $aUNINA LEADER 01182nam 2200421 450 001 9910163983403321 005 20230810002112.0 010 $a3-8288-6648-4 035 $a(OCoLC)1079362275 035 $a(CKB)3710000001056402 035 $a(MiAaPQ)EBC4804749 035 $a(EXLCZ)993710000001056402 100 $a20170228h20172017 uy 0 101 0 $aeng 135 $aurcnu|||||||| 181 $2rdacontent 182 $2rdamedia 183 $2rdacarrier 200 14$aThe esports market and esports sponsoring /$fJulian Heinz, Anton Stroh 210 1$aMarburg, [Germany] :$cTectum Verlag,$d2017. 210 4$dİ2017 215 $a1 online resource (185 pages) $cillustrations, tables 311 $a3-8288-3891-X 320 $aIncludes bibliographical references. 606 $aSports 606 $aSports$xHistory 615 0$aSports. 615 0$aSports$xHistory. 676 $a796 700 $aHeinz$b Julian$01379392 702 $aStroh$b Anton 801 0$bMiAaPQ 801 1$bMiAaPQ 801 2$bMiAaPQ 906 $aBOOK 912 $a9910163983403321 996 $aThe esports market and esports sponsoring$93419078 997 $aUNINA